El llanto del Cangrejo y otros cuentos /

محفوظ في:
التفاصيل البيبلوغرافية
المؤلف الرئيسي: Rivera Mena, Roberto
التنسيق: غير معروف
اللغة:Spanish
منشور في: San José, Costa Rica : Costa Rica, 1983.
الموضوعات:
الوسوم: إضافة وسم
لا توجد وسوم, كن أول من يضع وسما على هذه التسجيلة!

MARC

LEADER 000000000a22000000004500
001 003223
041 0 |a spa 
082 0 4 |a CR863.4   |b R6215L 
100 1 |a Rivera Mena, Roberto 
245 1 3 |a El llanto del Cangrejo y otros cuentos /   |c Roberto Rivera Mena. 
260 1 |a San José, Costa Rica :   |b Costa Rica,   |c 1983. 
300 |a 96 páginas 
650 4 |a LITERATURA COSTARRICENSE 
650 4 |a CUENTOS 
999 |c 9504  |d 9504 
942 |c BK  |h CR863.4 R6215L  |2 z